LEADER 01259nam 2200397 450 001 990003644870203316 005 20120328110704.0 010 $a88-14-17259-5 035 $a000364487 035 $aUSA01000364487 035 $a(ALEPH)000364487USA01 035 $a000364487 100 $a20120328d1996----km-y0itay0103----ba 101 $aita 102 $aIT 105 $a||||||||001yy 200 1 $aIntroduzione alla mediazione familiare$eprincipi fondamentali e sua applicazione$fJohn M. Haynes e Isabella Buzzi 210 $aMilano$cGiuffrè$dcopyr. 1996 215 $aXIII, 417 p.$d24 cm 225 2 $aProspettive di psicologia giuridica$v5 410 $12001$aProspettive di psicologia giuridica$v5 606 0 $aSeparazione coniugale 606 0 $aDivorzio 676 $a346.450166 700 1$aHAYNES,$bJohn M.$0154372 701 1$aBUZZI,$bIsabella$0384674 801 0$aIT$bsalbc$gISBD 912 $a990003644870203316 951 $aXXVI.1. Coll. 9/ 13 (COLL. HQL 5)$b9879 G$cXXVI.1. Coll. 9/ 13 (COLL. HQL)$d00194445 951 $aB4 96$b6772 DIRCE 959 $aBK 969 $aGIU 969 $aDIRCE 979 $aFIORELLA$b90$c20120328$lUSA01$h1107 996 $aIntroduzione alla mediazione familiare$9471577 997 $aUNISA LEADER 00984nam0-22003011i-450- 001 990001642890403321 005 20050412084124.0 035 $a000164289 035 $aFED01000164289 035 $a(Aleph)000164289FED01 035 $a000164289 100 $a20030910d1924----km-y0itay50------ba 101 0 $aspa 200 1 $aContribucion al estudio de la fauna malacologica de las posesiones espanolas del golfo de Guinea$fA. Bofill y Poch,J.B. de Aguilar Amat 210 $aBarcelona$cMuseo de Ciencias Naturales$d1924 215 $a17 p.$d25 cm 610 0 $aMollusca 610 0 $aMalacologia 676 $a594 700 1$aBofill y Poch,$bArturo$070237 702 1$aAguilar-Amat,$bJ. B. : de 801 0$aIT$bUNINA$gRICA$2UNIMARC 901 $aBK 912 $a990001642890403321 952 $a60 594 B 4$b10502$fFAGBC 959 $aFAGBC 996 $aContribucion al estudio de la fauna malacologica de las posesiones espanolas del golfo de Guinea$9368111 997 $aUNINA